000 00448nam a2200181Ia 4500
005 20240823040136.0
008 240823s9999||||xx |||||||||||||| ||und||
041 _aENGLISH
082 _A338.74 N2
100 _aMani Sunil
245 0 _aForeign Technology in Public Enterprises
250 _a1st
260 _c1992
_b"Oxford,New Delhi"
500 _aYES
650 _aPublic Enterprises
_bManagement Studies
942 _cBK
999 _c202388
_d202388